01765 2200481 4500001002100000005001500021035002000036008004100056020001800097041000800115082001000123084001600133100002000149245009900169250001000268260004600278300002500324500001400349504001700363520037800380650002500758700002000783990002400803990002400827990002400851990002400875990002400899990002400923990002400947990002400971990002400995990002401019990002401043990002401067990002401091990002401115990002401139990002401163990002401187990002401211990002401235990002401259INLIS00000000000829320221026012348 a0010-0520008293221026 | | ind  a979-421-942-8 aind a336.2 a336.2 ACH p0 aAchmad Tjahjono1 aPerpajakan Indonesia :bPendekatan Soal Jawab dan Kasus /cAchmad Tjahjono dan Triyono Wahyudi aEd. 2 aJakarta :bPT RajaGrafindo Persada,c2005 axii, 483 p. ;c21 cm ac.3 - c.6 ap. 479 - 480 aBuku ini memaparkan teori dan konsep, buku ini juga menguraikan contoh contoh perhitungan pajak yang disesuaikan aplikasi nyata dan melampirkan contoh-contoh SPT beserta tata cara pengisiannya. Hal-hal lain yang dibahas mencakup Pajak Pertambahan Nilai, Pajak Penjualan atas Barang Mewah, Pajak Bumi dan Bangunan, serta Bea Meterai dan bea Perolehan Atas Tanah dan Bangunan 4aTaxation - Indonesia0 aTriyono Wahyudi a18155/MKRI-P/X-2010 a18156/MKRI-P/X-2010 a18157/MKRI-P/X-2010 a18158/MKRI-P/X-2010 a18158/MKRI-P/X-2010 a18155/MKRI-P/X-2010 a18156/MKRI-P/X-2010 a18157/MKRI-P/X-2010 a18157/MKRI-P/X-2010 a18155/MKRI-P/X-2010 a18156/MKRI-P/X-2010 a18158/MKRI-P/X-2010 a18156/MKRI-P/X-2010 a18155/MKRI-P/X-2010 a18157/MKRI-P/X-2010 a18158/MKRI-P/X-2010 a18155/MKRI-P/X-2010 a18156/MKRI-P/X-2010 a18157/MKRI-P/X-2010 a18158/MKRI-P/X-2010